000 00847nam a22001935i 4500
001 178606
003 ES-MaACL
005 20230906220554.0
008 110609s1967 sp |||| | spa d
080 _a577.15
100 1 _aFoz, M. (
_d1929-)
_9147005
245 1 0 _aEstudio de la actividad glucosa-6-fosfatásica en el suero humano y en los homogeneizados de hígado de ratón /
_cresumen de la tesis presentada para aspirar al grado de doctor en medicina por Mario Foz Sala.
260 _aBarcelona :
_bUniversidad de Barcelona, Secretariado de Publicaciones, Intercambio Científico y Extensión Universitaria :
_bIvern,
_c1967.
300 _a16 p. ;
_c24 cm.
500 _aCub. tomada como port.
650 0 4 _aEnzimología clínica.
_9147006
710 2 _aUniversidad de Barcelona.
_97141
852 _aES-MaACL
_jE-15361 (11)
_xOlim P-1374
999 _c178606
_d178606